000 00916cam a22002894a 4500
001 15929762
005 20180312091426.0
008 091001s2009 caua 001 0 eng
010 _a 2009502799
015 _aGBA8B6948
_2bnb
016 7 _a014772144
_2Uk
020 _a9780596522926 (pbk.)
020 _a0596522924 (pbk.)
035 _a(OCoLC)ocn261955291
040 _aUKM
_cUKM
_dYDXCP
_dBWX
_dABG
_dOCLCQ
_dEINCP
_dDLC
041 _aeng
042 _alccopycat
080 _a006.78 DAV
082 0 4 _a006.78 DAV
_222
100 1 _a30
101 _aSGK
245 1 0 _aDreamweaver CS4 /
_cDavid Sawyer McFarland.
246 3 _aDreamweaver CS4 :
_bthe missing manual
906 _a7
_bcbc
_ccopycat
_d3
_encip
_f20
_gy-gencatlg
942 _2ddc
_cBK
999 _c44766
_d44766